000 00602nam a2200253Ia 4500
005 20260121153931.0
008 008 260114s9999 xx 000 0 eng d
020 _a9781003158356
037 _aEBOOK
040 _aCRL
040 _beng
040 _cCRL
041 _2eng
041 _aeng
084 _qCRL
100 _a Youssef M. Choueiri
_91000950
245 0 _aNarratives of Arab Secularism
260 _bTaylor and Francis
260 _c2023
856 _uhttp://www.taylorfrancis.com/books/9781003158356
942 _cEBOOK
999 _c1567771
_d1567771